000
00276nam a22001097a 4500
008
230620b xxu||||| |||| 00| 0 eng d
082
_a
321.02
_b
SHE 1982
245
_a
The State and Nations in the USSR
260
_b
Progress Publishers
_c
1982
300
_a
207p
942
_2
ddc
_c
BK
999
_c
1811
_d
1811